| 000 | 00512nam a22001577a 4500 | ||
|---|---|---|---|
| 999 |
_c527689 _d527689 |
||
| 020 | _qHard Cover. | ||
| 082 | _a658 | ||
| 100 | _aQayyum, Shaima | ||
| 245 |
_aMeasuring Employee satisfaction by 10 Dimensions of 1086 Employee of a Microfinance Bank / _cShaima Qayyum. |
||
| 260 |
_aIslamabad: _bNBS - NUST, _c2014. |
||
| 300 |
_aviii, 66 p. : ill. ; _c30cm. |
||
| 942 |
_2ddc _cTHE |
||
| 650 |
_aMBA Thesis. _917629 |
||
| 700 |
_aNadia Zaheer Khan. _919079 |
||